000 00891nam a2200253 a 4500
001 000034867
005 20200930073943.0
008 111020s1965 mx a 000 0 spa d
040 _aDO-SdBNP
_bspa
_cBNPHU
082 _a539.7
_bF917f
100 1 _aFrisch, Otto R.
_960408
245 1 3 _aLa física atómica contemporánea /
_cOtto R. Frisch ; traducción Juan Almela Castell.
260 _aMéxico :
_bFondo de Cultura Económica,
_c1965.
300 _a249 p. :
_bil. ;
_c17 cm.
490 1 _aPopular
_v69
504 _aIncluye referencias bibliográficas y notas al pie de las páginas
590 _aPerteneció a la biblioteca personal de Juan Isidro Jimenes Grullón
650 4 _aFísica nuclear
_948024
650 4 _aÁtomo
_960409
700 1 2 _aAlmela Castell, Juan,
_etr.
_960410
830 0 _aPopular
_n69
_960411
910 _aValidado. Control de calidad MFF
049 _aBNGR
999 _c34358
_d34358